| 000 | 00682nam a22001695i 4500 | ||
|---|---|---|---|
| 001 | 159385 | ||
| 003 | ES-MaACL | ||
| 005 | 20230906211557.0 | ||
| 008 | 040914s1860 fr |||| | fre d | ||
| 040 |
_aCAM _bspa _cCAM |
||
| 100 | 1 |
_aMénant, Joachim ( _d1820-1899) _9129820 |
|
| 245 | 1 | 0 |
_aRecueil d'alphabets pour servir a la lecture et a l'interprétation des écritures cunéiformes / _cpar J. Ménant. |
| 260 |
_aParis : _bLibrairie de Benjamin Duprat, _c1860 ( _eCaen : _ftyp. de A. Hardel) |
||
| 300 |
_a27 p. ; _c26 cm. |
||
| 650 | 4 |
_aEscritura cuneiforme. _912404 |
|
| 852 |
_aES-MaACL _jG-6374(1) _z-- Enc. hol. _q-- Falto de la cub. original _z-- Enc. en un vol. facticio |
||
| 999 |
_c159385 _d159385 |
||